| 000 | 00489nam a22001577a 4500 | ||
|---|---|---|---|
| 008 | 230510b |||||||| |||| 00| 0 eng d | ||
| 040 |
_aNational Science Library _cNational Science Library |
||
| 080 |
_a808.2:5/6 _bK4:2 |
||
| 100 |
_aBalin, V L _98590 |
||
| 245 | _aIntroductory Russian course for students of science and technology | ||
| 260 |
_aBombay: _bAsia Publishing House, _c1964 |
||
| 300 | _axi, 281p. | ||
| 650 | _aLinguistics | ||
| 653 | _aTechnology | ||
| 942 |
_2udc _cREF |
||
| 999 |
_c28550 _d28550 |
||